000
00242nam a22000857a 4500
999
_c
11132
_d
11132
008
180922b ||||| |||| 00| 0 eng d
100
_a
bhargava, mayuri
_9
6896
245
_a
Vegiterian Indian Treasures
260
_a
New Delhi
_b
Vlaue Publication
_c
2004